Grammar in context (basic)
The Sixth Edition of the best-selling <i>Grammar in Context</i> series, inspires learners through compelling stories, National Geographic images, and content, relevant to students' lives. Students learn more, remember more, and use language more effectively when they learn grammar i...
Guardat en:
| Autor principal: | |
|---|---|
| Format: | Llibre |
| Idioma: | Undetermined |
| Publicat: |
Boston, MA
Thomson/Hinle
2016
|
| Matèries: | |
| Etiquetes: |
Afegir etiqueta
Sense etiquetes, Sigues el primer a etiquetar aquest registre!
|
| Thư viện lưu trữ: | Trung tâm Học liệu Trường Đại học Cần Thơ |
|---|
| LEADER | 00900nam a2200205Ia 4500 | ||
|---|---|---|---|
| 001 | CTU_230429 | ||
| 008 | 210402s9999 xx 000 0 und d | ||
| 082 | |a 428.24 | ||
| 082 | |b E37 | ||
| 100 | |a Elbaum, Sandra N. | ||
| 245 | 0 | |a Grammar in context (basic) | |
| 245 | 0 | |c Sandra N. Elbaum, Judi P. Pemán | |
| 260 | |a Boston, MA | ||
| 260 | |b Thomson/Hinle | ||
| 260 | |c 2016 | ||
| 520 | |a The Sixth Edition of the best-selling <i>Grammar in Context</i> series, inspires learners through compelling stories, National Geographic images, and content, relevant to students' lives. Students learn more, remember more, and use language more effectively when they learn grammar in context. | ||
| 650 | |a English language,English language | ||
| 650 | |x Grammar,Problems, Exercises, etc.,Textbooks for foreign speakers | ||
| 910 | |a Tuyến | ||
| 980 | |a Trung tâm Học liệu Trường Đại học Cần Thơ | ||